| 000 | 01461cam a22002415a 4500 | ||
|---|---|---|---|
| 001 | E149957 | ||
| 008 | 100519s2010 xxk f 000 0 eng d | ||
| 035 | _a(Sirsi) u149957 | ||
| 041 | 0 | _aeng | |
| 110 | 2 |
_aScotland _bScottish Government _95344 |
|
| 245 | 0 | 0 |
_aDeferred receipt mechanisms _h[eletcronic resource] |
| 260 |
_aEdinburgh _bScottish Government _c2010 |
||
| 505 | 2 | _aIntroduction -- Background -- Consultations and documents reviewed -- Mechanisms defined: stage payments; revenue share; profit share; joint venture company -- Principal Issues Arising: control; risk limitation; projects or receipts; best value considerations; obstacles; procurement; accounting/returns -- Finance issues -- Summary and issues for discussion -- Appendices | |
| 520 | _aInvestigates whether "Deferred Receipt Mechanisms" could be utilised to encourage residential development either where development has stalled because of a lack of finance or on publicly owned land that is currently not being marketed. | ||
| 521 | _aAdvanced | ||
| 590 | _aKA | ||
| 651 | 4 |
_aScotland _y1999- |
|
| 690 | _aPROPERTY-PROPERTY DEVELOPMENT | ||
| 690 |
_aResidential property _96266 |
||
| 710 | 1 |
_aRoyal Institution of Chartered Surveyors _bScotland _93082 |
|
| 856 | 4 | 0 |
_uhttps://www.scotland.gov.uk/Topics/Built-Environment/regeneration/pir/learningnetworks/mixedcommunities/recentevents/DeferredReceiptReport _zView the report free of charge at www.scotland.gov.uk |
| 942 | _n0 | ||
| 999 |
_c110688 _d110688 |
||